ბათუმის შოთა რუსთაველის სახელმწიფო უნივერსიტეტის ბიბლიოთეკა

აჭარული დიალექტის ლექსიკონი / (ბიბ.ჩანაწერი № 63654)

000 -ლიდერი
ფიქსირებული სიგრძის საკონტროლო ველი 01847nam a22002777a 4500
003 - საკონტროლო ნომრის იდენტიფიკატორი
საკონტროლო ველი Ge_BSU
005 - ბოლო ოპერაციის თარიღი და დრო
საკონტროლო ველი 20251125184501.0
008 - ფიქსირებული სიგრძის მონაცემთა ელემენტები - ზოგადი ინფორმაცია
ფიქსირებული სიგრძის საკონტროლო ველი 251125s2025 ge ||||| |||| 00| 0 geo d
020 ## - წიგნის საერთაშორისო სტანდარტული ნომერი
International Standard Book Number 9789941519086
041 ## - ენის კოდი
Language code of text/sound track or separate title geo
080 ## - უნივერსალური ათობითი კლასიფიკაციის ინდექსი
Universal Decimal Classification number 81'374(038=353.1'282) ა-97
245 ## - ცნობა სათაურის შესახებ
Title აჭარული დიალექტის ლექსიკონი /
Statement of responsibility, etc შემდგენლები : ელზა ფუტკარაძე, შუშანა ფუტკარაძე, ნანული ნოღაიდელი, ციალა ნარაკიძე, ნარგიზ ახვლედიანი, ნაილე მიქელაძე; რედ. ნ. კახიძე, რ. მალაყმაძე, თ. ლომთათიძე, ნ. ჩელებაძე და სხვ.
264 ## - წარმოების, გამოცემის, დისტრიბუციის და სხვა ცნობები
გამოცემის, წარმოების, დისტრიბუციის... ადგილი ბათუმი :
გამოცემის, წარმოების, დისტრიბუციის... სახელწოდება ბსუ,
გამოცემის, წარმოების, დისტრიბუციის... თარიღი 2025.
504 ## - BIBLIOGRAPHY, ETC. NOTE
Bibliography, etc ბიბლიოგრ. გვ. 959-970
700 ## - ADDED ENTRY--PERSONAL NAME
Personal name ფუტკარაძე, ელზა
Relator term ავტორი
9 (RLIN) 6825
700 ## - ADDED ENTRY--PERSONAL NAME
Personal name ფუტკარაძე, შუშანა
Relator term ავტორი
9 (RLIN) 26310
700 ## - ADDED ENTRY--PERSONAL NAME
Personal name ნოღაიდელი, ნანული
Relator term ავტორი
9 (RLIN) 26311
700 ## - ADDED ENTRY--PERSONAL NAME
Personal name ნარაკიძე, ციალა
Relator term ავტორი
9 (RLIN) 26312
700 ## - ADDED ENTRY--PERSONAL NAME
Personal name ახვლედიანი, ნარგიზ
Relator term ავტორი
9 (RLIN) 4833
700 ## - ADDED ENTRY--PERSONAL NAME
Personal name მიქელაძე, ნაილე
Relator term ავტორი
9 (RLIN) 11575
700 ## - ADDED ENTRY--PERSONAL NAME
Personal name კახიძე, ნ.
Relator term რედაქტორი
9 (RLIN) 26313
700 ## - ADDED ENTRY--PERSONAL NAME
Personal name მალაყმაძე, რ.
Relator term რედაქტორი
9 (RLIN) 26314
700 ## - ADDED ENTRY--PERSONAL NAME
Personal name თ. ლომთათიძე,
Relator term რედაქტორი
9 (RLIN) 26315
700 ## - ADDED ENTRY--PERSONAL NAME
Personal name ჩელებაძე, ნ. და სხვ.
Relator term რედაქტორი
9 (RLIN) 26316
942 ## - ADDED ENTRY ELEMENTS (KOHA)
Source of classification or shelving scheme
Koha item type წიგნი
ეგზემპლარები
ჩამოწერის სტატუსი დაკარგული ეგზემპლარის სტატუსი კლასიფიკაციის წყარო ან თაროზე გაწყობის სქემა დაზიანების სტატუსი არ გაიცემა მუდმივი მდებარეობა (დაცვის ადგილი) ამჟამინდელი ადგილსამყოფელი თაროზე განთავსების ადგილი შეძენის თარიღი ღირებულება, შესყიდვის ნორმალური ფასი სრული შენახვის შიფრი შტრიხკოდი ბოლო ოპერაციის თარიღი ეგზემპლარის მიმდევრობითი ნომერი (კეტერი?) ფასის ძალაში შესვლის თარიღი ეგზემპლარის სახეობა საჯარო შენიშვნა
          ბათუმის შოთა რუსთაველის სახელმწიფო უნივერსიტეტის მთავარი ბიბლიოთეკა ბათუმის შოთა რუსთაველის სახელმწიფო უნივერსიტეტის მთავარი ბიბლიოთეკა წიგნსაცავი 2025-11-25 48.00 81'374(038=353.1'282) ა-97 73170 2025-11-25 73170 2025-11-25 წიგნი 48 ლ.
          ბათუმის შოთა რუსთაველის სახელმწიფო უნივერსიტეტის მთავარი ბიბლიოთეკა ბათუმის შოთა რუსთაველის სახელმწიფო უნივერსიტეტის მთავარი ბიბლიოთეკა წიგნსაცავი 2025-11-25 48.00 81'374(038=353.1'282) ა-97 73167 2025-11-25 73167 2025-11-25 წიგნი 48 ლ.
          ბათუმის შოთა რუსთაველის სახელმწიფო უნივერსიტეტის მთავარი ბიბლიოთეკა ბათუმის შოთა რუსთაველის სახელმწიფო უნივერსიტეტის მთავარი ბიბლიოთეკა წიგნსაცავი 2025-11-25 48.00 81'374(038=353.1'282) ა-97 73168 2025-11-25 73168 2025-11-25 წიგნი 48 ლ.
          ბათუმის შოთა რუსთაველის სახელმწიფო უნივერსიტეტის მთავარი ბიბლიოთეკა ბათუმის შოთა რუსთაველის სახელმწიფო უნივერსიტეტის მთავარი ბიბლიოთეკა წიგნსაცავი 2025-11-25 48.00 81'374(038=353.1'282) ა-97 73169 2025-11-25 73169 2025-11-25 წიგნი 48 ლ.